000
00253nam a2200097Ia 4500
001
980916
005
20250826220919.0
008
250824s9999 xx 000 0 und d
245
0
_a
BEYOĞLUNUN EN GÜZEL ABİSİ
_c
AHMET ÜMİT
260
_b
EVEREST YAYYINLARI
999
_c
980916
_d
980916